El Panòptic / Jeremy Bentham ; traducció d' Eduard Mira ; edició i pròleg a cura de Josep Ramoneda
Descripción Física:
140 p. ; 19'5 cm
Colección:
Clàssics del pensament modern ; 24
MARC
| LEADER | 00000nam a2200000Ia 4500 | ||
|---|---|---|---|
| 001 | 1554 | ||
| 008 | 160829s1985 xx 000 0 cat d | ||
| 080 | |a D-1-131 | ||
| 100 | |a Bentham, Jeremy |9 22448 | ||
| 245 | |a El Panòptic / Jeremy Bentham ; traducció d' Eduard Mira ; edició i pròleg a cura de Josep Ramoneda | ||
| 260 | |a Barcelona : |b Edicions 62 : |b Diputació de Barcelona, |c 1985 | ||
| 300 | |a 140 p. ; |c 19'5 cm | ||
| 490 | |a Clàssics del pensament modern ; 24 | ||
| 590 | |a Cronologia. | ||
| 590 | |a Notes. | ||
| 590 | |a Bibliografia | ||
| 650 | |a Presoners |x Disciplina |x S. XVIII |x Reculls d'escrits |9 22449 | ||
| 650 | |a Empresonament |x Filosofia |9 22450 | ||
| 700 | |a Mira, Eduard, tr. |9 22451 | ||
| 700 | |a Ramoneda, Josep, ed. |9 22452 | ||
| 710 | 1 | |a Barcelona (Catalunya : Província). |b Diputació |9 52408 | |
| 901 | |a Arxiu | ||
| 942 | |n 1 | ||
| 952 | |0 0 |1 0 |4 0 |6 D1131 |7 1 |9 42227 |a Arxiu |b Arxiu |d 2016-12-01 |l 0 |o D-1-131 |p 1554 |r 2016-12-01 00:00:00 |w 2016-12-01 |y ARXIU | ||
| 999 | |c 44674 |d 44674 | ||